Quizzes
Events
Quiz Creation
Community
Videos
Private Events
Remove Ads
Sign In
Join for FREE
Feedback
Dark Mode
Quiz Categories
Sports
Geography
Music
Movies
Television
Just For Fun
Miscellaneous
History
Literature
Language
Science
Gaming
Entertainment
Religion
Holiday
For Kids
Quiz Lab
Recent
Popular Today
Quiz Kudos Today
Editor Picks
Curator Picks
Quizzes by...
Day
Popularity
Type
Ratings
Length
Year
Community
Subscriptions
Recent Discussions
Orange Saloon
Badges
Playlists
Quests
Create
Leaderboards
Showdown
Live 5
Trivia Bingo
Activity
Puzzle Library
Sporcle Events
Private Events
Virtual Trivia
Globe League
Become a Host
Pub Owners
SporcleCon
Opinionation
Our Games
Videos
Blog
Mobile Apps
Partnerships
Remove Ads and Go Orange
Feedback
Sports
Athletes
MLB
NBA
NHL
NFL
Soccer
Sports Teams
WWE
NCAA
Football
Premier League
Basketball
Baseball
Hockey
Golf
Tennis
Cricket
Rugby
Auto Racing
Olympics
World Cup
Sports
Athletes
MLB
NBA
NHL
NFL
Soccer
Sports Teams
WWE
NCAA
Football
Premier League
Basketball
Baseball
Hockey
Golf
Tennis
Cricket
Rugby
Auto Racing
Olympics
World Cup
Random Quiz
Search Sporcle
×
Quiz Lab
Quiz Lab
Sports
WWE
Type in answers that appear in a list
Type in answers that appear in a list
Classic
Best Score? Go Orange.
Good wrestling gimmick/Bad wrestling gimmick Stats
Can you name the annual winners of the Wrestling Observer awards for Best Gimmick and Worst Gimmick?
By
nscox
8m
60 Questions
9,487 Plays
9,487 Plays
9,487 Plays
Comments
Comments
Give Quiz Kudos
Give Quiz Kudos
-
- Ratings
hide this ad
Replay
Link that replays current quiz
Next Quiz
Link to next quiz in quiz playlist
You Got
0%
They Got
Avg Score
57%
Avg Friend Score
Upgrade to see
Score Distribution
Jump to the score distribution portion of the page
Score
0/60
Timer
08:00
0
Plays Today
Category
Wrestler
% Correct
Best Gimmick
The Undertaker
94.9%
Best Gimmick
The Undertaker
94.9%
Best Gimmick
The Undertaker
94.9%
Best Gimmick
The Undertaker
94.9%
Best Gimmick
The Undertaker
94.9%
Best Gimmick
Kurt Angle
92.4%
Best Gimmick
John Cena
91.5%
Best Gimmick
CM Punk
88.9%
Best Gimmick
Steve Austin
88.3%
Best Gimmick
Steve Austin
88.3%
Best Gimmick
CM Punk
88%
Best Gimmick
Alberto Del Rio
84.2%
Best Gimmick
Ted DiBiase
83.6%
Best Gimmick
Rusev & Lana
81.4%
Best Gimmick
Wyatt Family
79.9%
Worst Gimmick
The Great Khali
79.9%
Best Gimmick
The Hurricane
79.6%
Worst Gimmick
The Gobbledygooker
74.1%
Worst Gimmick
Hornswoggle
73.4%
Best Gimmick
Matt Hardy
73.4%
Worst Gimmick
Michael Cole
71.8%
Best Gimmick
John Bradshaw Layfield
70.9%
Best Gimmick
Santino Marella
70.7%
Best Gimmick
Santino Marella
70.7%
Best Gimmick
Disco Inferno
69.7%
Best Gimmick
The New Day
69.4%
Best Gimmick
New World Order
68.1%
Worst Gimmick
Papa Shango
67.7%
Best Gimmick
Mr. Kennedy
66.7%
Worst Gimmick
Adam Rose
66.3%
Category
Wrestler
% Correct
Best Gimmick
The Rock
64.3%
Worst Gimmick
Black Reign (Goldust)
63.2%
Worst Gimmick
Goldust
63%
Worst Gimmick
The Artist Formerly Known as Goldust
63%
Worst Gimmick
The Shockmaster
61%
Worst Gimmick
Rico Constantino
60%
Worst Gimmick
Jillian Hall
54.5%
Worst Gimmick
Oz (Kevin Nash)
52.2%
Worst Gimmick
'Adorable' Adrian Adonis
50.5%
Worst Gimmick
'Adorable' Adrian Adonis
50.5%
Worst Gimmick
The Oddities
48.2%
Worst Gimmick
Orlando Jordan
45.6%
Best Gimmick
Joseph Park
45.3%
Worst Gimmick
Stardust
43.8%
Worst Gimmick
Fake Diesel, Fake Razor Ramon and The Real Double J
43.2%
Best Gimmick
Rick Steiner
41.6%
Worst Gimmick
Aces and 8s
40.3%
Worst Gimmick
Aces and 8s
38.5%
Worst Gimmick
'That 70s Guy' Mike Awesome
35.7%
Worst Gimmick
Diamond Dallas Page
34.9%
Worst Gimmick
Vito
34.8%
Best Gimmick
The Latin American X-change
33.6%
Worst Gimmick
Mordecai
32.2%
Worst Gimmick
The Ding Dongs
28.6%
Worst Gimmick
The Johnsons
28.3%
Worst Gimmick
Evad Sullivan
26.7%
Best Gimmick
Jushin Liger
26.1%
Worst Gimmick
The Powers That Be (Vince Russo and Ed Ferrara)
21.6%
Worst Gimmick
Midnight Rider (Dusty Rhodes)
19.1%
Best Gimmick
'Exotic' Adrian Street
14.2%
Quiz Playlist
Details
Report
Send in Message
Add To Playlist
Classic:
Type in answers that appear in a list
Quiz Source
Last Updated: Aug 28, 2017
Quiz Scoreboard
CHALLENGE
Sign Up to Join the Scoreboard
Show All
Scores
Hide
Comments
May contain spoilers
Recently Published
Movies - When Are They Set?
by FPL_Elf
Movies
5m
Popular People in 1961
by mucciniale
History
6m
1-10 Letter E Words III
by El_Dandy
Language
2m
More to Explore
Quiz From the Vault
Featured Blog Post
Where Did the Easter Bunny Come From?
hide this ad
You Might Also Like...
Tags
WWE Quiz
gimmick
NWA
tna
WCW
Wrestlers
Wrestling
Wrestling Observer
WWF
Today's Top Quizzes in Sports
Browse Sports
hide this ad
Today's Top Quizzes in WWE
Browse WWE
Top Contributed Quizzes in Sports
1
Les meilleurs buteurs des matchs entre le PSG et l’OM
2
FIFA Club World Cup Champions
3
Les entraîneurs de l'OM et du PSG au 21e siècle
4
2022 World Cup Stars
5
Name the Premier League winners with different clubs
6
La finale Lions - Afrique du Sud 2021
7
Criteria MLB: Left Handed Sluggers
8
Les joueurs passés par le LOSC et le RC Lens
9
Players with Multiple 50 Home Run Seasons
10
MLB Players with Two .350 Batting Average Seasons
Explore More
Trending Topics
NBA
Harry Potter
Anime
Marvel
Kpop
Crossword
Disney
Soccer
Puzzle
WWE
Pokémon
Song
The Office
NFL
Country
hide this ad
More By:
nscox
Quiz
Plays
Rating
Category
Featured
Created
2012 Summer Olympics Minefield
527,194
4.14
Sports
Jul 11, 2012
NHL Teams (Redux)
280,048
4.17
Sports
Mar 31, 2012
WWE 'Money in the Bank' Match Participants
246,690
4.23
Sports
Jun 27, 2011
Every WrestleMania Match 1-31!
239,966
4.57
Sports
Mar 4, 2012
Famous Wrestlers by Picture
236,425
4.21
Sports
Sep 13, 2012
Go to Creator's Profile
Score Distribution
Quiz Creator Spotlight
nscox
Follow
Send a Message
Quizzes Created
-
Created Quiz Play Count
-
More By This Creator
Popular Quizzes Today
1
Find the Countries of Europe - No Outlines Minefield
2
Find the US States - No Outlines Minefield
3
The Countries of the World
4
Popular People in 1961
5
US States
6
1-10 Letter E Words III
7
Find the US States
8
One Thing in Common: World Cities II
More Sports Quizzes
FIFA World Cup - Group Losers
Quiz Lab
Trending Quizzes
Risky Map Clicking: Least Populous States A-Z
1-10 Letter F Words
Humor Books: The Subtitles
1-10 Letter G Words
One Thing in Common: United Kingdom
Recently Updated
Leaping Animals
pecheneg
Reality TV Shows (A-Z)
bhenderson79
Rickey Henderson's Hall of Fame Teammates
pecheneg
Champions League XIs: Arsenal
pecheneg
Quick Pick: Celebrities in WWE's Hall of Fame
aduchscher
A-Z Keypad Blitz II
pecheneg
Multiple Oscar Actors
pecheneg
Mystery Phrase Blitz: Oscar 'Best Actors'
pecheneg
F. Scott Fitzgerald Novels
LTH
Pick 3 Villains
ddd62291
Trending Topics
NBA
Crossword
Anime
Kpop
Marvel
Disney
Harry Potter
The Office
Pokémon
NFL
Country
WWE
Song
Puzzle
Soccer
Your Account Isn't Verified!
In order to create a playlist on Sporcle, you need to verify the email address you used during registration. Go to your
Sporcle Settings
to finish the process.
Report this User
Report this user for behavior that violates our
Community Guidelines
.
Details:
Send Report
Go to the Sporcle.com Mobile Site →
Comments